Fünf Länder mit den meisten Touristen nach Kontinent - Statistiken

Allgemein
  • Dieses Quiz wurde 259 mal gespielt
  • Das Durchschnittsergebnis liegt bei 26 aus 30
Antwortstatistiken
Kontinent # Land % Korrekt
Europa 85.2 m Spanien
99%
Südamerika 5.9 m Brasilien
98%
Europa 100 m Frankreich
98%
Nordamerika 66.5 m Vereinigte Staaten
98%
Afrika 14.9 m Ägypten
97%
Ozeanien 7.2 m Australien
97%
Europa 34.8 m Deutschland
97%
Europa 57.2 m Italien
97%
Nordamerika 41.9 m Mexiko
97%
Südamerika 7.3 m Argentinien
96%
Nordamerika 18.3 m Kanada
96%
Ozeanien 8.0 m Neuseeland
95%
Afrika 8.5 m Südafrika
95%
Afrika 14.5 m Marokko
93%
Asien 28.2 m Thailand
90%
Südamerika 3.7 m Chile
89%
Südamerika 5.6 m Kolumbien
88%
Europa 37.2 m Vereinigtes Königreich
88%
Asien 32.2 m Indien
85%
Afrika 9.4 m Tunesien
84%
Nordamerika 4.3 m Kuba
77%
Südamerika 3.8 m Uruguay
77%
Ozeanien 0.93 m Fidschi
76%
Asien 55.2 m Türkei
74%
Afrika 2.2 m Algerien
71%
Nordamerika 8.1 m Dominikanische Republik
68%
Asien 27.4 m Saudi-Arabien
64%
Asien 28.2 m Vereinigte Arabische Emirate
59%
Ozeanien 0.16 m Papua-Neuguinea
54%
Ozeanien 0.17 m Samoa
52%
Keine übereinstimmenden Quizze gefunden
Verteilung der Resultate
Anzahl Personen mit jedem Resultat
Perzentil nach korrekt beantworteten Fragen
Ihre Resultats-Entwicklung
Sie haben dieses Quiz noch nicht gespielt